Alle Mitglieder der DSDS Jury jemals - Statistiken

Allgemein
  • Dieses Quiz wurde 670 mal gespielt
  • Das Durchschnittsergebnis liegt bei 8 aus 39
Antwortstatistiken
Antwort % Korrekt
Dieter Bohlen
99%
Pietro Lombardi
81%
Shirin David
61%
Bruce Darnell
57%
Katja Krasavice
52%
Xavier Naidoo
46%
Bill u. Tom Kaulitz
42%
Vanessa Mai
38%
Florian Silbereisen
32%
H.P Baxxter
32%
Kay One
29%
Leony
24%
Heino
21%
Michelle
21%
Maite Kelly
18%
Thomas M. Stein
17%
Mike Singer
16%
Fernanda Brandao
15%
Marianna Rosenberg
13%
Patrick Nuo
10%
DJ Antoine
9%
Ella Endlich
9%
Mousse T.
8%
Oana Nechiti
8%
Anja Lukaseder
7%
Mandy Capristo
7%
Nina Eichinger
7%
Thomas Bug
7%
Heinz Henn
6%
Natalie Horler
6%
Andreas Läsker
5%
Shona Fraser
5%
Ilse DeLange
4%
Mieze Katze
3%
Toby Gad
3%
Volker Neumüller
3%
Carolin Niemcyk
2%
Mateo Jasik
2%
Sylvia Kollek
2%
Keine übereinstimmenden Quizze gefunden
Verteilung der Resultate
Anzahl Personen mit jedem Resultat
Perzentil nach korrekt beantworteten Fragen
Ihre Resultats-Entwicklung
Sie haben dieses Quiz noch nicht gespielt